000 00536nam a2200193Ia 4500
005 20250326144346.0
008 250326s9999 xx 000 0 und d
037 _aTextbook
040 _aFMSL
_beng
_cFMSL
041 _aeng
_2eng
084 _aX:74:f P8
_qFMSL
100 _aLee N
245 0 _aDoing business research
_cLee N; Lings I
260 _aNew Delhi
_bNew Delhi, Sage
_c2008
365 _b1991.0523000000001
650 _aBusiness Management
_9441996
942 _cTB
_hX:74:f P8
999 _c1303426
_d1303426